00866 2200277 4500001002100000005001500021035002000036007000300056008004100059020001800100082001100118084001700129100003700146245014000183250001200323300004500335650001700380650001500397700002900412700002800441264003200469336002100501337003000522338002300552990001300575INLIS00000000111876520220427075136 a0010-0422000245ta220427 0 ind  a9786232791152 a303.34 a303.34 CHI n0 aChiefy Adi KusmargonoePengarang1 aNationalism Leadership :bTransforming Culture, Energizing Future /cChiefy Adi Kusmargono, Imam Hidayah (Editor), Badru Salam (Editor) aedisi 1 axxxii, 326 halaman :bilustrasi ;c23 cm 4aKepemimpinan 4aLeadership0 aImam HidayahePenyunting0 aBadru SalamePenyunting aJakarta :bRepublika,c2021 2rdacontentaTeks 2rdamediaaTanpa Perantara 2rdacarrieraVolume a21/01028